Online
Catalog

Regimén jurídico y profesionalización de los funcionarios Públicos / (Record no. 52553)

MARC details
000 -CABECERA
campo de control de longitud fija 01803nam a2200277 a 4500
003 - IDENTIFICADOR DEL NÚMERO DE CONTROL
campo de control DO-SdBNP
005 - FECHA Y HORA DE LA ÚLTIMA TRANSACCIÓN
campo de control 20221017142318.0
007 - CAMPO FIJO DE DESCRIPCIÓN FÍSICA--INFORMACIÓN GENERAL
campo de control de longitud fija ta
008 - DATOS DE LONGITUD FIJA--INFORMACIÓN GENERAL
campo de control de longitud fija 221017t2011 dr ||||frl||| 001 edspa d
040 ## - FUENTE DE LA CATALOGACIÓN
Centro catalogador/agencia de origen DO-SdBNP
Lengua de catalogación spa
Centro/agencia transcriptor BNPHU
082 #4 - NÚMERO DE LA CLASIFICACIÓN DECIMAL DEWEY
Número de edición 22
100 ## - ENTRADA PRINCIPAL--NOMBRE DE PERSONA
Nombre de persona Montero, Gregorio,
Fechas asociadas al nombre 1966 -
9 (RLIN) 61917
245 ## - MENCIÓN DE TÍTULO
Título Regimén jurídico y profesionalización de los funcionarios Públicos /
Mención de responsabilidad, etc. Gregorio Montero
250 ## - MENCIÓN DE EDICIÓN
Mención de edición 2da. ed.
260 ## - PUBLICACIÓN, DISTRIBUCIÓN, ETC.
Lugar de publicación, distribución, etc. Santo Domingo :
Nombre del editor, distribuidor, etc. MAP,
Fecha de publicación, distribución, etc. 2011
300 ## - DESCRIPCIÓN FÍSICA
Extensión 350 p. ;
Dimensiones 23 cm.
500 ## - NOTA GENERAL
Nota general Incluye datos biográficos del autor en las solapas de las cubiertas.
500 ## - NOTA GENERAL
Nota general Incluye bibliografía y notas al pié de páginas.
504 ## - NOTA DE BIBLIOGRAFÍA, ETC.
Nota de bibliografía, etc. Bibliografía: p. 347- 350
505 ## - NOTA DE CONTENIDO CON FORMATO
Nota de contenido con formato Presentación.
Información miscelánea Prólogo.
-- Introducción.
Título Capítulo I. Generalidades.--
-- Capítulo II. Evolución del derecho de la función pública.--
-- Capítulo III. El derecho de la función pública en la actualidad.--
-- Capítulo IV. Régimen jurídico de los funcionarios públicos.--
-- Capítulo V. La función pública en la constitución política.--
-- Capítulo VI. Administración del sistema de función pública.--
-- Capítulo VII. Organizaión del empleo público.
-- Capítulo VIII. Sistema retributivo.--
-- Capítulo IX. Ingreso a los cargos públicos.--
-- Capítulo X. Carrera funcionarial.--
-- Capítulo XI. Situaciones administrativas.--
-- Capítulo XII. Régimen de relaciones laborales.--
-- Capítulo XIII. Término de la relación de empleo público.--
-- Capítulo XIV. Régimen de recursos.-
-- Bibliografía.
650 ## - PUNTO DE ACCESO ADICIONAL DE MATERIA--TÉRMINO DE MATERIA
Término de materia o nombre geográfico como elemento de entrada Administración Pública
Subdivisión general Legislación
Subdivisión geográfica República Dominicana
9 (RLIN) 19963
650 ## - PUNTO DE ACCESO ADICIONAL DE MATERIA--TÉRMINO DE MATERIA
Término de materia o nombre geográfico como elemento de entrada Función Pública
Subdivisión general Legislación
Subdivisión geográfica República Dominicana
9 (RLIN) 71153
650 ## - PUNTO DE ACCESO ADICIONAL DE MATERIA--TÉRMINO DE MATERIA
Término de materia o nombre geográfico como elemento de entrada Funcionarios Públicos
Subdivisión general Legislación
Subdivisión geográfica República Dominicana
9 (RLIN) 82519
910 ## - DATOS DE OPCIÓN DEL USUARIO (OCLC)
Datos de opción del usuario MFeliz
942 ## - ELEMENTOS DE PUNTO DE ACCESO ADICIONAL (KOHA)
Fuente del sistema de clasificación o colocación Dewey Decimal Classification
Tipo de ítem Koha Libro
Holdings
Estado de retiro Estado de pérdida Fuente del sistema de clasificación o colocación Restricciones de uso No para préstamo Código de colección Localización permanente Ubicación/localización actual Ubicación en estantería Fecha de adquisición Fuente de adquisición Total de préstamos Código de barras Fecha visto por última vez Precio válido a partir de Tipo de ítem Koha
    Dewey Decimal Classification Excluido de préstamo   Dominicana de Servicio Biblioteca Nacional Pedro Henríquez Ureña Biblioteca Nacional Pedro Henríquez Ureña Depósito 09.12.2019 Donado por INTEC   2022-4355 17.10.2022 17.10.2022 Libro

Powered by Koha